[Event "CZE-chT2b 0001"]
[Site "Czech Republic"]
[Date "2000.??.??"]
[Round "?"]
[White "Ustinov, Oleg"]
[Black "Vaculik, Martin"]
[Result "1-0"]
[WhiteElo "2231"]
[BlackElo "2169"]
[PlyCount "72"]
[EventDate "2000.??.??"]
[EventType "team"]
[EventRounds "11"]
[EventCountry "CZE"]
[SourceTitle "EXT 2003"]
[Source "ChessBase"]
[SourceDate "2002.11.25"]
[SourceVersion "1"]
[SourceVersionDate "2002.11.25"]
[SourceQuality "1"]

1. e4 e6 2. d4 d5 3. Nc3 Bb4 4. Nge2 dxe4 5. a3 Be7 6. Nxe4 b6 7. Bf4 Bb7 8. Qd3 Nd7 9. 0-0-0 Ngf6 10. Nxf6+ Nxf6 11. f3 0-0 12. Nc3 Rc8 13. Bg5 c5 14. dxc5 Rxc5 15. Qxd8 Rxd8 16. Rxd8+ Bxd8 17. Be3 Re5 18. Kd2 Nd5 19. Nxd5 Rxd5+ 20. Bd3 Ba6 21. Rc1 Bf6 22. b4 Bb2 23. Rb1 Be5 24. b5 Bb7 25. c4 Rd7 26. h3 Bd6 27. a4 e5 28. Kc3 g6 29. Be4 Bxe4 30. fxe4 f5 31. a5 Bc5 32. Bxc5 bxc5 33. a6 fxe4 34. b6 axb6 35. Rxb6 e3 36. Rb8+ Kf7 1-0

[Event "UKR-chT 7th"]
[Site "Alushta"]
[Date "1999.04.??"]
[Round "9"]
[White "Shneider, Aleksandr"]
[Black "Ustinov, Oleg"]
[Result "1-0"]
[WhiteElo "2545"]
[BlackElo "2222"]
[PlyCount "40"]
[EventDate "1999.04.03"]
[EventType "team-swiss"]
[EventRounds "10"]
[EventCountry "UKR"]
[SourceTitle "EXT 2019"]
[Source "ChessBase"]
[SourceDate "2018.10.10"]
[SourceVersion "1"]
[SourceVersionDate "2018.10.10"]
[SourceQuality "1"]
[WhiteTeam "Danko-Donbass Donetsk"]
[BlackTeam "Pavlograd Tura"]
[WhiteTeamCountry "UKR"]
[BlackTeamCountry "UKR"]

1. d4 Nf6 2. c4 g6 3. Nc3 d5 4. cxd5 Nxd5 5. e4 Nxc3 6. bxc3 Bg7 7. Bc4 c5 8. Ne2 0-0 9. 0-0 Nc6 10. Be3 Bg4 11. f3 Na5 12. Bd3 cxd4 13. cxd4 Be6 14. Rc1 Bxa2 15. Qa4 Be6 16. d5 a6 17. Bf4 Bd7 18. Qb4 Bb5 19. Bc7 Nc6 20. Qxb5 Qxc7 1-0

[Event "UKR-chT 7th"]
[Site "Alushta"]
[Date "1999.04.??"]
[Round "3"]
[White "Ustinov, Oleg"]
[Black "Savchenko, Viacheslav"]
[Result "0-1"]
[WhiteElo "2222"]
[BlackElo "2375"]
[PlyCount "69"]
[EventDate "1999.04.03"]
[EventType "team-swiss"]
[EventRounds "10"]
[EventCountry "UKR"]
[SourceTitle "EXT 2019"]
[Source "ChessBase"]
[SourceDate "2018.10.10"]
[SourceVersion "1"]
[SourceVersionDate "2018.10.10"]
[SourceQuality "1"]
[WhiteTeam "Pavlograd Tura"]
[BlackTeam "Kherson Tavriya"]
[WhiteTeamCountry "UKR"]
[BlackTeamCountry "UKR"]

1. e4 c5 2. Nf3 e6 3. d4 cxd4 4. Nxd4 a6 5. c4 Nf6 6. Nc3 Qc7 7. Bd3 b6 8. 0-0 Bb7 9. Bg5 Be7 10. Qe2 d6 11. Rac1 0-0 12. b3 Nbd7 13. Bb1 Rac8 14. Be3 Qb8 15. f3 Bd8 16. Qf2 Bc7 17. Qh4 Rfe8 18. Bf2 Ne5 19. Qh3 Ng6 20. Nce2 d5 21. cxd5 exd5 22. exd5 Nxd5 23. Bf5 Rcd8 24. Rfe1 Bd6 25. Bg3 Ne3 26. Bd7 Re7 27. Nc6 Bxc6 28. Bxc6 Bxg3 29. hxg3 Qe5 30. Nc3 Qd4 31. Kh2 Re6 32. Be4 Nf8 33. Ne2 Qd2 34. Nf4 Rh6 35. Nh5 0-1

[Event "CZE-chT2"]
[Site "Czech Republic"]
[Date "1999.??.??"]
[Round "?"]
[White "Ustinov, Oleg"]
[Black "Horak, Josef"]
[Result "1/2-1/2"]
[WhiteElo "2222"]
[BlackElo "2270"]
[PlyCount "81"]
[EventDate "1999.??.??"]
[EventType "team"]
[EventRounds "11"]
[EventCountry "CZE"]
[SourceTitle "EXT 2003"]
[Source "ChessBase"]
[SourceDate "2002.11.25"]
[SourceVersion "1"]
[SourceVersionDate "2002.11.25"]
[SourceQuality "1"]

1. e4 c5 2. Nf3 Nc6 3. d4 cxd4 4. Nxd4 Nf6 5. Nc3 e5 6. Ndb5 d6 7. Bg5 a6 8. Na3 b5 9. Nd5 Be7 10. Nxe7 Nxe7 11. Bxf6 gxf6 12. c4 f5 13. Bd3 fxe4 14. Bxe4 Rb8 15. 0-0 Be6 16. cxb5 axb5 17. Qh5 Qd7 18. h3 Bf5 19. Rfe1 Bg6 20. Qh6 Qe6 21. Rad1 Rg8 22. Bf3 b4 23. Nb1 Nf5 24. Bc6+ Ke7 25. Qg5+ f6 26. Qg4 h5 27. Qe2 Rg7 28. Bd5 Qd7 29. a3 Kf8 30. Qf3 Ke7 31. axb4 Rxb4 32. Qa3 Rd4 33. Nc3 Rxd1 34. Nxd1 Bf7 35. Nc3 Nd4 36. Qa8 Qxh3 37. Qa7+ Kf8 38. Qb8+ Ke7 39. Qa7+ Kf8 40. Qb8+ Ke7 41. Qa7+ 1/2-1/2

[Event "Jirasek Memorial op"]
[Site "Rakovnik"]
[Date "1998.??.??"]
[Round "4"]
[White "Koutecky, Vaclav"]
[Black "Ustinov, Oleg"]
[Result "1-0"]
[WhiteElo "1830"]
[BlackElo "2195"]
[PlyCount "55"]
[EventDate "1998.??.??"]
[EventType "swiss"]
[EventRounds "9"]
[EventCountry "CZE"]
[SourceTitle "EXT 2000"]
[Source "ChessBase"]
[SourceDate "1999.11.16"]
[SourceVersion "1"]
[SourceVersionDate "1999.11.16"]
[SourceQuality "1"]

1. e4 e6 2. d4 d5 3. Nc3 Bb4 4. Bd3 Nf6 5. e5 Ne4 6. Qg4 Nxc3 7. Qxg7 Rf8 8. Bd2 Nxa2 9. Rxa2 Bxd2+ 10. Kxd2 c5 11. Nf3 cxd4 12. Ng5 Kd7 13. Nxh7 Rg8 14. Nf6+ Kc6 15. Qxg8 Qc7 16. Qe8+ Bd7 17. Nxd7 Nxd7 18. Qxa8 Qxe5 19. Kc1 Qg5+ 20. Kb1 Qxg2 21. Rc1 Qxf2 22. Rxa7 Nc5 23. Ba6 Kd6 24. Qb8+ Ke7 25. Bxb7 d3 26. Ba6+ Kf6 27. Bxd3 e5 28. Qc7 1-0

[Event "Jirasek Memorial op"]
[Site "Rakovnik"]
[Date "1998.??.??"]
[Round "1"]
[White "Ustinov, Oleg"]
[Black "Kovar, Jiri"]
[Result "1-0"]
[WhiteElo "2195"]
[BlackElo "1835"]
[PlyCount "69"]
[EventDate "1998.??.??"]
[EventType "swiss"]
[EventRounds "9"]
[EventCountry "CZE"]
[SourceTitle "EXT 2000"]
[Source "ChessBase"]
[SourceDate "1999.11.16"]
[SourceVersion "1"]
[SourceVersionDate "1999.11.16"]
[SourceQuality "1"]

1. e4 Nc6 2. Nf3 e5 3. Nc3 Nf6 4. d4 exd4 5. Nd5 Nxd5 6. exd5 Bb4+ 7. Bd2 Bxd2+ 8. Qxd2 Qe7+ 9. Be2 d3 10. Qxd3 Ne5 11. Nxe5 Qxe5 12. d6 0-0 13. 0-0-0 c6 14. Bf3 b6 15. Rhe1 Qa5 16. Qb3 Ba6 17. Re7 Rad8 18. Kb1 Qc5 19. Bg4 Bc4 20. Qg3 Be6 21. Bxe6 dxe6 22. Rxa7 e5 23. d7 b5 24. Qe3 Qxe3 25. fxe3 f5 26. Rc7 Kf7 27. Rxc6 Ke7 28. Rc5 Rxd7 29. Rxe5+ Kd8 30. Rxd7+ Kxd7 31. Rxb5 Kc6 32. a4 g6 33. Rb3 Ra8 34. Rc3+ Kd5 35. b3 1-0